000 00304nam a2200133Ia 4500
005 20251222155045.0
008 251222s9999||||xx |||||||||||||| ||spa||
082 _aESC. 20.5/Ej.2
100 _aOPS / OMS (*)
245 0 _aCapacitación
250 _a2da. ed.
264 _bOPS/OMS
942 _cLIB
999 _c37076
_d37076